000 00899nam a2200277Ia 4500
003 OSt
005 20220926005729.0
006 a|||||r|||| 00| 0
007 ta
008 220923b |||||||| |||| 00| 0 eng d
020 _a9780070220911
_c544
037 _b886, 14/03/2014, Pranami Book Service
_cGeneral Book
040 _aRTL
_cRTL
_beng
041 _2eng
_aeng
082 _aX:51, P6
100 _aDWYER F. Robert.
_9310927
245 0 _aBusiness marketing
_b Connecting strategy, relationships and learning
250 _a3rd
260 _a New Delhi
_bTata McGraw- Hill Publishing Company
_c2006
300 _axxii, 684p
_ccm.
500 _aBibliography: p 189-98
650 _aCommerce
700 _a TANNER John F.
_9307841
942 _hX:51, P6
_cGB
_2CC
999 _c615001
_d615001